20 english words to spanish(1) - Statistics

General Stats
  • This quiz has been taken 336 times
  • The average score is 12 of 20
Answer Stats
hint answer % Correct
new nuevo
92%
where donde
89%
speak hablar
89%
nothing nada
87%
now ahora
80%
always siempre
80%
life vida
80%
less menos
70%
after después
65%
part parte
65%
believe creer
62%
our nuestro
62%
each cada
56%
find encontrar
55%
follow seguir
49%
seem parecer
29%
leave dejar
27%
remain quedar
25%
take llevar
22%
such, as, too tan
19%
No matching quizzes found
Score Distribution
Percent of People with Each Score
Percentile by Number Answered
Your Score History
You have not taken this quiz